| 000 | 01200nam0a22002651 4500 | ||
|---|---|---|---|
| 001 | rc\545586 | ||
| 005 | 20250621125049.0 | ||
| 035 | _a(NLR Aleph) 005781999 | ||
| 090 |
_a5121639 _c5121639 |
||
| 100 | _a20030616d1987 |||y0rusy50 ca | ||
| 101 | 0 | _arus | |
| 102 | _aRU | ||
| 105 | _aa ||||||||| | ||
| 200 | 1 |
_aХИМИЯ и технология ацеталей, ортоэфиров и их гетероаналогов. Реакции расщепления ацеталей и их гетероаналогов элементоорганическими соединениями _f[Р.А. Караханов, Е.А. Кантор, И.А. Мельницкий и др.] |
|
| 210 |
_aМ. _cВИНИТИ _d1987 |
||
| 215 |
_a185 с. _cил. _d21 |
||
| 225 | 1 |
_aТехнология органических веществ _fВИНИТИ _vТ. 14 |
|
| 225 | 1 |
_aИтоги науки и техники _eСер. |
|
| 300 | _aВ надзаг. также: Гос. ком. СССР по науке и технике, АН СССР | ||
| 320 | _aБиблиогр. в конце разд. | ||
| 801 | 0 |
_aRU _bNLR _gpsbo |
|
| 801 | 1 |
_aRU _bELAR _2rusmarc |
|
| 852 |
_aNLR _jП10/4857 |
||
| 942 | _cBOOK | ||
| 980 | _aNB | ||